000 00882nas a2200289 4500
001 BR0905639
003 BR-BrBNA
005 20231205113724.0
007 ta
008 230509b bl.|||p| |||| 00| 00por d
040 _aBR-BrBNA
_bpor
_cBiblioteca Nacional de Agricultura
041 _a(Pt)
072 _aL01; L02
100 1 _aRodrigues, G.H.
100 1 _aSusin, I.
100 1 _aPires, A.V.
100 1 _aMendes, C.Q.
100 1 _aUrano, F.S.
100 1 _aCastillo, C.J.C.
245 1 _aPolpa cítrica e rações para cordeiros em confinamento: características da carcaça e qualidade da carne
650 _aOVINO
650 _aCONFINAMENTO
650 _aSUBPRODUTO
773 0 _tRevista Brasileira de Zootecnia (Brazil)
_xISSN 1516-3598
_g(Oct 2008), v. 37(10) p. 1869-1875
_wBR0905639
909 _a202311
_bLúcia
_c55
_dLúcia Elande
942 _2AGRIS
_n0
_cANA
999 _c205237
_d205237